000 00333nam a22001457a 4500
008 210512b ||||| |||| 00| 0 eng d
020 _a9781308454450
041 _aeng
080 _a330.722.6
082 _a330.722.6
100 _a61
101 _aKF
245 _aIntermediate Accounting
_cJ. David Spiceland
942 _2udc
_cBK
999 _c57277
_d57277